L'automatisme psychologique (Record no. 156254)

MARC details
000 -LEADER
campo de control de longitud fija 00736nam a22001815i 4500
001 - NÚMERO DE CONTROL
campo de control 156254
003 - IDENTIFICADOR DE NÚMERO DE CONTROL
campo de control ES-MaACL
005 - FECHA Y HORA DE LA ÚLTIMA TRANSACCIÓN
campo de control 20250822032223.0
008 - DATOS DE LONGITUD FIJA--INFORMACIÓN GENERAL
campo de control de longitud fija 040804s1889 fr |||| | fre d
100 1# - ENTRADA PRINCIPAL--NOMBRE DE PERSONA
Nombre de persona Janet, Pierre.
9 (RLIN) 66019
245 12 - MENCIÓN DEL TÍTULO
Título L'automatisme psychologique
Resto del título : essai de psychologie expérimentale sur les formes inférieures de l'activité humaine /
Mención de responsabilidad, etc. par Pierre Janet.
260 ## - PUBLICACIÓN, DISTRIBUCIÓN, ETC.
Lugar de publicación, distribución, etc. Paris :
Nombre del editor, distribuidor, etc. Ancienne Librairie Germer Baillière et Cie. :
-- Félix Alcan,
Fecha de publicación, distribución, etc. 1889 (
Lugar de fabricación/manufactura Évreux :
Fabricante Imp. de Charles Hérissey)
300 ## - DESCRIPCIÓN FÍSICA
Extensión 496 p. ;
Dimensiones 22 cm.
650 07 - PUNTO DE ACCESO ADICIONAL DE MATERIA--TÉRMINO DE MATERIA
Término de materia o nombre geográfico como elemento de entrada Psicología experimental
Fuente del encabezamiento o término embne
9 (RLIN) 16564
650 #4 - PUNTO DE ACCESO ADICIONAL DE MATERIA--TÉRMINO DE MATERIA
Término de materia o nombre geográfico como elemento de entrada Psicología-
Subdivisión cronológica S.XIX.
9 (RLIN) 158847
852 ## - LOCALIZACIÓN
Ubicación ES-MaACL
Número de control de estantería B-6612
Nota libre - Enc. pasta española
Holdings
Estatus retirado Estado de pérdida Estado de daño No para préstamo Colección Biblioteca de origen Biblioteca actual Ubicación en estantería Fecha de adquisición Fuente de adquisición Total de préstamos Signatura topográfica completa Código de barras Visto por última vez Precio de reemplazo Tipo de ítem Koha
        Libros del s. XIX Biblioteca del Ateneo de Madrid Biblioteca del Ateneo de Madrid Sala Pardo Bazán 17/01/2008     B-6612 1163473 23/02/2023 23/02/2023 Libro impreso antiguo